000 00313nam a22001337a 4500
008 170523b xxu||||| |||| 00| 0 eng d
020 _a9780792270492
041 _aeng
080 _a94
100 _a16
101 _aSHH
245 _aNATIONAL GEOGRAPHIC EWITNESS TO THE CENTURY
_cHARI.M
942 _2udc
_cBK
999 _c13872
_d13872